00485nam a2200157Ia 4500001000900000003000500009005001700014008004100031040001700072100003100089245009300120260003000213300001000243500003200253650004200285dia_4193CHAP20251014145659.0220601s9999 xx 000 0 und d amxchpuaerda aTamayo Esquer, Luis Miguel aManejo integrado de maleza perenne en los cultivos de Sonora / Luis Miguel Tamayo Esquer aSonora, México : INIFAP a96 p. aS/c (Folleto técnico, 38) a1. Maleza-Cultivos2. Maleza-SonoraÌ